Vainqueurs de la Ligue des Champions depuis 2000 - Statistiques

Statistiques générales
  • Ce quiz a été pris 143 fois
  • Le résultat moyen est 25 sur 26
Statistiques - réponses
Date Club % Correct
2000 Real Madrid
99%
2002 Real Madrid
99%
2014 Real Madrid
99%
2016 Real Madrid
99%
2017 Real Madrid
99%
2018 Real Madrid
99%
2022 Real Madrid
99%
2024 Real Madrid
99%
2025 PSG
98%
2023 Manchester City
96%
2005 Liverpool
95%
2019 Liverpool
95%
2012 Chelsea
94%
2021 Chelsea
94%
2006 FC Barcelone
94%
2009 FC Barcelone
94%
2011 FC Barcelone
94%
2015 FC Barcelone
94%
2001 Bayern Munich
93%
2013 Bayern Munich
93%
2020 Bayern Munich
93%
2008 Manchester United
91%
2010 Inter Milan
90%
2003 AC Milan
87%
2007 AC Milan
87%
2004 FC Porto
76%
Aucun quiz correspondant
Distribution des résultats
% des personnes avec chaque résultat
Percentile par nombre de réponses
Votre historique - résultats
Vous n’avez pas pris ce quiz